| 000 | 00797nam a2200205 a 4500 | ||
|---|---|---|---|
| 005 | 20220815095951.0 | ||
| 008 | 051031s1990 mx r 000 0 spa d | ||
| 020 | _a9687230630 | ||
| 035 | _aUPN01000140915 | ||
| 049 | _aCG | ||
| 050 | 4 |
_aHD6101 M7 _bW4.38 |
|
| 100 | 1 | _aWilson, Fiona | |
| 245 | 1 | 0 |
_aDe la casa al taller : _bmujeres, trabajo y clase social en la industria textil y del vestido, Santiago Tangamandapio / _cFiona Wilson ; tr. Pastora Rodríguez Aviñoá. |
| 260 |
_aZamora, Mich. : _bEl Colegio de Michoacán, _c1990. |
||
| 300 | _a238 p. | ||
| 650 | 7 |
_aMujeres _xEmpleo _zMéxico _2 _99091 |
|
| 650 | 2 |
_aMujeres _xHistoria y condición de la mujer _91583 |
|
| 740 | 0 | _aMujeres, trabajo y clase social en la industria textil y del vestido, Santiago Tangamandapio | |
| 905 | _aLibro | ||
| 999 |
_c113063 _d113063 |
||